Performance Audit Report of the Auditor-General on the Management of the Education of Children with Special Needs 2022 (Record no. 1411)

MARC details
000 -LEADER
fixed length control field 00629nam a2200181Ia 4500
003 - CONTROL NUMBER IDENTIFIER
control field OSt
005 - DATE AND TIME OF LATEST TRANSACTION
control field 20250312091522.0
008 - FIXED-LENGTH DATA ELEMENTS--GENERAL INFORMATION
fixed length control field 240428s9999||||xx |||||||||||||| ||und||
041 ## - LANGUAGE CODE
Language code of text/sound track or separate title English
082 ## - DEWEY DECIMAL CLASSIFICATION NUMBER
Classification number AGR22 (MECSN) Acc. No. 1454
100 ## - MAIN ENTRY--PERSONAL NAME
Personal name Auditor-General
245 #0 - TITLE STATEMENT
Title Performance Audit Report of the Auditor-General on the Management of the Education of Children with Special Needs 2022
260 ## - PUBLICATION, DISTRIBUTION, ETC.
Name of publisher, distributor, etc. Ghana Audit Service
Place of publication, distribution, etc. Accra:
Date of publication, distribution, etc. 2022.
300 ## - PHYSICAL DESCRIPTION
Extent 49p:diag,photos,tabs
650 ## - SUBJECT ADDED ENTRY--TOPICAL TERM
Topical term or geographic name entry element Management of the Education of Children with Special Needs - Auditor-General Report 2022
942 ## - ADDED ENTRY ELEMENTS (KOHA)
Koha item type Annual Report
Source of classification or shelving scheme Dewey Decimal Classification
Suppress in OPAC No
Holdings
Withdrawn status Lost status Source of classification or shelving scheme Damaged status Not for loan Home library Current library Shelving location Date acquired Total checkouts Full call number Date last seen Copy number Price effective from Koha item type
    Dewey Decimal Classification     Main Library Main Library Open Shelves 13/07/2022   AGR22(MECSN) 1454 C1 29/04/2024 1 29/04/2024 Annual Report
    Dewey Decimal Classification     Main Library Main Library Open Shelves 12/03/2025   AGR22 (MECSN) 1455 C2 12/03/2025 2 12/03/2025 Annual Report
©2026  Parliament of Ghana Library - All rights reserved